Miesto internetu ako mediálneho typu v mixe tradičných médií diplomová práca

Enregistré dans:
Détails bibliographiques
Auteur principal: Košteková, Simona
Collectivité auteur: Obchodná fakulta EU. Katedra marketingu
Autres auteurs: Kuchta, Martin, 1990-
Format: Livre
Langue:slovaque
Publié: Bratislava 2022
Tags: Ajouter un tag
Pas de tags, Soyez le premier à ajouter un tag!

MARC

LEADER 00000nbm a2200000 4500
001 0284287
005 20221130083846.4
041 0 |a slo 
044 |a SK 
245 1 0 |a Miesto internetu ako mediálneho typu v mixe tradičných médií  |b diplomová práca  |c Simona Košteková ; školiteľ: Martin Kuchta 
264 1 |a Bratislava  |c 2022 
300 |a 74 s. 
100 1 |a Košteková, Simona 
700 1 |a Kuchta, Martin, 1990- 
710 2 |a Obchodná fakulta EU. Katedra marketingu